|
|
|
|
| LEADER |
00000nab a2200000uu 4500 |
| 001 |
vtls011525251 |
| 003 |
SK-MaSNL |
| 005 |
20260304032837.0 |
| 008 |
230704|1967 xo |||||||||||||||||slo| |
| 015 |
|
|
|a SNBRB
|
| 035 |
|
|
|a (urnnbn)urn:nbn:sk:snk:ar-002p4j
|
| 035 |
|
|
|a (uuid)49458cf0-06dd-483b-b481-2ae6f87ac04f
|
| 035 |
|
|
|a urn:nbn:sk:snk-abeclq
|
| 040 |
|
|
|a SNKBUCL
|b slo
|c SNKBUCL
|e AACR2
|
| 041 |
1 |
|
|a slo
|h eng
|
| 044 |
|
|
|a xo
|c SK
|
| 100 |
1 |
|
|a Richards, A.I.,
|d 1893-1979
|4 aut
|9 1313978
|
| 245 |
1 |
0 |
|a Kritikov vzťah k hodnote
|c I. A. Richards, preložila Viera Pawliková ; pripravuje Vincent Šabík
|
| 500 |
|
|
|a Z knihy Principles of Literary Criticism
|
| 650 |
0 |
7 |
|a literárna kritika
|2 SNKPH
|9 1138
|
| 655 |
|
7 |
|a úryvky
|2 SNKPH
|9 84604
|
| 700 |
1 |
|
|a Pawliková-Vilhanová, Viera,
|d 1944-2019
|4 trl
|9 155560
|
| 700 |
1 |
|
|a Šabík, Vincent,
|d 1937-
|4 com
|9 101798
|
| 773 |
0 |
|
|t Slovenské pohľady
|g Roč. 83, č. 11 (1967), s. 125-126
|
| 850 |
|
|
|a Slovenská národná knižnica
|
| 852 |
|
|
|a Slovenská národná knižnica
|
| 954 |
|
|
|a odborná, vedecká literatúra cudzojazyčná (svetová)
|2 lita
|
| 958 |
|
|
|a OND
|
| 958 |
|
|
|a EUIPO
|
| 958 |
|
|
|a article21
|
| 999 |
|
|
|c 2645231
|d 2647161
|